D. Alphonsi de Olea ... Tractatus de cessione iurium et actionum (Record no. 160919)

MARC details
000 -LEADER
campo de control de longitud fija 01266nam a22002775i 4500
001 - NÚMERO DE CONTROL
campo de control 160919
003 - IDENTIFICADOR DE NÚMERO DE CONTROL
campo de control ES-MaACL
005 - FECHA Y HORA DE LA ÚLTIMA TRANSACCIÓN
campo de control 20250809040615.0
008 - DATOS DE LONGITUD FIJA--INFORMACIÓN GENERAL
campo de control de longitud fija 990730s1740 fr |||| | lat d
040 ## - FUENTE DE CATALOGACIÓN
Centro catalogador/agencia de origen CCPB | B
Lengua de catalogación spa
Centro/agencia transcriptor CCPB | B
100 1# - ENTRADA PRINCIPAL--NOMBRE DE PERSONA
Nombre de persona Olea, Alfonso de.
9 (RLIN) 130607
245 10 - MENCIÓN DEL TÍTULO
Título D. Alphonsi de Olea ... Tractatus de cessione iurium et actionum
Resto del título : in quo insertae sunt, suo loco, additiones, seu resolutiones, ... cum S.R. Rom. decisionibus ad hancce materiam facientibus ... Tomus primus.
250 ## - MENCION DE EDICION
Mención de edición Editio postrema
Resto de la mención de edición : in qua praeter hactenus editas decisiones, aliae recentissimae ... Car. Ant. de Luca Spicilegium.
260 ## - PUBLICACIÓN, DISTRIBUCIÓN, ETC.
Lugar de publicación, distribución, etc. Lugduni :
Nombre del editor, distribuidor, etc. ex Officina de Tournes,
Fecha de publicación, distribución, etc. 1740.
300 ## - DESCRIPCIÓN FÍSICA
Extensión [12], 524, [72] p. ;
Dimensiones Fol.
595 ## -
-- La mención de ed. antecede a la de parte.
597 ## - NOTA DE DESCRIPCIÓN FÍSICA
NOTA DE DESCRIPCIÓN FÍSICA Sign.: [cruz latina]6, A-Z6, 2A-2V6, 2X-2Z4, 3A-3G4.
597 ## - NOTA DE DESCRIPCIÓN FÍSICA
NOTA DE DESCRIPCIÓN FÍSICA Errores de pag., p. 263 y 264 repetidas y de 298 pasa a 301.
597 ## - NOTA DE DESCRIPCIÓN FÍSICA
NOTA DE DESCRIPCIÓN FÍSICA Antep.
597 ## - NOTA DE DESCRIPCIÓN FÍSICA
NOTA DE DESCRIPCIÓN FÍSICA Port. a dos tintas con grab. xil.
597 ## - NOTA DE DESCRIPCIÓN FÍSICA
NOTA DE DESCRIPCIÓN FÍSICA Texto a dos col.
650 07 - PUNTO DE ACCESO ADICIONAL DE MATERIA--TÉRMINO DE MATERIA
Término de materia o nombre geográfico como elemento de entrada Derecho civil
Fuente del encabezamiento o término embne
9 (RLIN) 11656
700 11 - ENTRADA AGREGADA--NOMBRE PERSONAL
Nombre de persona Luca, Carlo Antonio de.
9 (RLIN) 129117
852 ## - LOCALIZACIÓN
Ubicación ES-MaACL
Número de control de estantería R-1533(1)
Nota libre -- Enc. piel no original de la época
Encuadernación Olim: G-2202
Holdings
Estatus retirado Estado de pérdida Estado de daño No para préstamo Colección Biblioteca de origen Biblioteca actual Ubicación en estantería Fecha de adquisición Fuente de adquisición Total de préstamos Signatura topográfica completa Código de barras Visto por última vez Precio de reemplazo Tipo de ítem Koha
        Libros del s. XVIII Biblioteca del Ateneo de Madrid Biblioteca del Ateneo de Madrid Depósito 17/01/2008     R-1533(1) 1168525 23/02/2023 23/02/2023 Libro impreso antiguo